Normal view
MARC view
Entry Personal Name
001 - CONTROL NUMBER
- control field: 875122
003 - CONTROL NUMBER IDENTIFIER
- control field: OSt
005 - DATE AND TIME OF LATEST TRANSACTION
- control field: 20260114185838.0
008 - FIXED-LENGTH DATA ELEMENTS
- fixed length control field: 260114|| aca||aabn | a|a d
040 ## - CATALOGING SOURCE
- Original cataloging agency: OSt
- Transcribing agency: OSt
100 ## - HEADING--PERSONAL NAME
- Personal name: Marie Lathers
670 ## - SOURCE DATA FOUND
- Source citation: Work cat.: (OSt)1474056: Marie Lathers, Space Oddities Women and Outer Space in Popular Film and Culture, 1960-2000, 2010
